[Event "Superettan(Kristallen-Rock.,Sthlm II)"]
[Site "?"]
[Date "2022.05.15"]
[Round "11"]
[White "Dingertz, Erik"]
[Black "Narva, David"]
[Result "1-0"]
[WhiteElo "1921"]
[BlackElo "2054"]
[PlyCount "65"]

1. c4 e5 2. Nc3 d6 3. g3 f5 4. Bg2 Nf6 5. d3 Be7 6. Rb1 O-O 7. b4 c6 8. b5 Be6
9. Qa4 d5 10. bxc6 bxc6 11. cxd5 cxd5 12. Nf3 Qc8 13. Bd2 d4 14. Nb5 Bd5 15.
O-O a6 16. Na3 Qc6 17. Qa5 Qc5 18. Nc4 Bxc4 19. dxc4 Qxa5 20. Bxa5 Nc6 21. Bb6
Ne4 22. Bc7 Bf6 23. Rb6 Na5 24. Rxf6 gxf6 25. Bxa5 Rac8 26. Rc1 Nd6 27. Bb4
Rfd8 28. Bxd6 Rxd6 29. Nh4 d3 30. Nxf5 d2 31. Rd1 Rxc4 32. Nxd6 Rc1 33. Bd5+
1-0

[Event "Superettan(Orgryte-Upsala)"]
[Site "?"]
[Date "2022.05.15"]
[Round "11"]
[White "Green, Per"]
[Black "Dolata, Henryk"]
[Result "1-0"]
[WhiteElo "1946"]
[BlackElo "2078"]
[PlyCount "101"]

1. c4 e6 2. g3 d5 3. Bg2 Nf6 4. Nf3 Be7 5. O-O O-O 6. b3 b6 7. Bb2 Bb7 8. cxd5
exd5 9. d3 Nbd7 10. Nbd2 Re8 11. Nh4 Bf8 12. Re1 Rb8 13. Qc2 c5 14. e3 g6 15.
Rad1 Bg7 16. e4 dxe4 17. dxe4 Qc7 18. Nc4 Re7 19. Bc1 Ne8 20. Bf4 Ne5 21. Nf3
f6 22. Nfxe5 fxe5 23. Bg5 Bf6 24. Bc1 Rd8 25. Rxd8 Qxd8 26. Bh3 Qc7 27. Rd1 Kg7
28. Bb2 b5 29. Ne3 a5 30. Nd5 Bxd5 31. Rxd5 c4 32. bxc4 bxc4 33. Ba3 c3 34. Rc5
Qb6 35. Rxc3 Rb7 36. Rc8 Nd6 37. Bxd6 Qxd6 38. Bf1 Rd7 39. Qb3 Bd8 40. Rc4 Bb6
41. Rc8 Rf7 42. Rc2 Qf6 43. Bc4 Bxf2+ 44. Kg2 Rf8 45. Be2 Bd4 46. Rc7+ Kh8 47.
Bf3 g5 48. h3 h5 49. Qd1 g4 50. hxg4 hxg4 51. Qh1+ 1-0

[Event "Superettan(Rockaden, Umea-Farsta)"]
[Site "?"]
[Date "2022.05.15"]
[Round "11"]
[White "Urkedal, Frode"]
[Black "Nygren, David"]
[Result "0-1"]
[WhiteElo "2553"]
[BlackElo "2182"]
[PlyCount "158"]
[SourceDate "2022.05.26"]

1. d4 Nf6 2. c4 e6 3. Nf3 c5 4. d5 exd5 5. cxd5 d6 6. Nc3 g6 7. Nd2 Nbd7 8. e4
Bg7 9. Be2 O-O 10. O-O a6 11. a4 Re8 12. h3 Rb8 13. Re1 Qc7 14. Ra3 g5 15. a5
Ne5 16. Nf3 Nxf3+ 17. Bxf3 h6 18. e5 Rxe5 19. Rxe5 dxe5 20. d6 Qd8 21. Be3 e4
22. Nxe4 Nxe4 23. Bxe4 Bxb2 24. Rd3 Bd7 25. Qc2 c4 26. Rd1 Qe8 27. Qxc4 Rc8 28.
Qd3 Rc3 29. Qb1 Rb3 30. Bh7+ Kg7 31. Bc2 Rxe3 32. fxe3 Qxe3+ 33. Kh1 Be5 34.
Rd3 Qf4 35. Qg1 g4 36. hxg4 Bxg4 37. Rd5 Qg5 38. Qf2 Qh5+ 39. Kg1 Qh2+ 40. Kf1
Qh1+ 41. Qg1 Be2+ 42. Kf2 Bg3+ 43. Kxg3 Qxg1 44. d7 Qe1+ 45. Kh3 Bg4+ 46. Kxg4
Qe6+ 47. Rf5 Qxd7 48. Be4 f6 49. Kf3 Qc7 50. Rd5 b6 51. axb6 Qxb6 52. Rd7+ Kf8
53. Rh7 Qb3+ 54. Kf4 Qc3 55. g4 a5 56. Rh8+ Ke7 57. Ra8 Qe5+ 58. Kf3 Qc3+ 59.
Kf4 Qd4 60. Kf3 Qb4 61. Kf4 Qd6+ 62. Kf3 Qd1+ 63. Kf4 a4 64. Ra7+ Kd8 65. Ra8+
Kc7 66. Kf5 Qd6 67. Kg6 a3 68. Bf5 Kb7 69. Be4+ Kb6 70. Bf5 Qf4 71. Kxf6 Qg5+
72. Ke5 Qe3+ 73. Kf6 Qc3+ 74. Kf7 Qc7+ 75. Kf8 Qe5 76. Ra4 Qd6+ 77. Kf7 Qc7+
78. Kf8 a2 79. Bd3 Qc6 0-1

[Event "Superettan(Vasteras II-Burgsvik)"]
[Site "?"]
[Date "2022.05.15"]
[Round "11"]
[White "Haitin, Ilja"]
[Black "Eriksson, Anders"]
[Result "1/2-1/2"]
[WhiteElo "2355"]
[BlackElo "2233"]
[PlyCount "76"]
[SourceDate "2022.05.28"]

1. d4 Nf6 2. g3 e6 3. Bg2 c5 4. Nf3 Nc6 5. O-O cxd4 6. Nxd4 Qb6 7. Nxc6 bxc6 8.
c4 Be7 9. Qc2 d5 10. Nc3 O-O 11. cxd5 cxd5 12. e4 dxe4 13. Nxe4 Bb7 14. Be3 Qa6
15. Nxf6+ Bxf6 16. Bxb7 Qxb7 17. Rab1 Rfc8 18. Qa4 Qc6 19. Qxc6 Rxc6 20. a4 Rc2
21. Rfd1 Kf8 22. Rd7 a5 23. b4 Ke8 24. Rb7 axb4 25. R1xb4 Ra2 26. Rb8+ Rxb8 27.
Rxb8+ Ke7 28. Ra8 Bc3 29. Ra7+ Kf6 30. Rc7 Ba1 31. Rc4 h5 32. Bb6 e5 33. h3 g6
34. Rc6+ Kf5 35. Rc4 Ke6 36. a5 Bd4 37. Bxd4 exd4 38. Rxd4 Rxa5 1/2-1/2

[Event "Superettan(SS 4 Springare-Helsingborg)"]
[Site "?"]
[Date "2022.05.15"]
[Round "11"]
[White "Kristensen, Kare Hove"]
[Black "Sivuk, Vitalii"]
[Result "0-1"]
[WhiteElo "2307"]
[BlackElo "2512"]
[PlyCount "54"]
[SourceDate "2022.05.28"]

1. e4 c5 2. Nf3 d6 3. d4 cxd4 4. Nxd4 Nf6 5. Nc3 a6 6. Bg5 Nbd7 7. Bc4 Qb6 8.
Qd2 Qxb2 9. Rb1 Qa3 10. O-O Qc5 11. Bd5 e6 12. Bxe6 fxe6 13. Nxe6 Qa5 14. f4
Kf7 15. e5 Kxe6 16. f5+ Kf7 17. e6+ Kg8 18. exd7 Bxd7 19. Bxf6 gxf6 20. Rf3 Bc6
21. Rg3+ Kf7 22. Qe2 Qxf5 23. Rf1 Qc5+ 24. Kh1 Re8 25. Qd2 Re6 26. Qd3 Rg8 27.
Qxh7+ Rg7 0-1

[Event "Superettan(Rockaden, Umea-Farsta)"]
[Site "?"]
[Date "2022.05.15"]
[Round "11"]
[White "Malmstig, Erik"]
[Black "Livner, Anders"]
[Result "1/2-1/2"]
[WhiteElo "2177"]
[BlackElo "2379"]
[PlyCount "87"]

1. d4 d5 2. c4 e6 3. Nc3 Nf6 4. cxd5 Nxd5 5. Nf3 c5 6. e3 Be7 7. Be2 Nc6 8. O-O
cxd4 9. exd4 O-O 10. Qc2 Bf6 11. Rd1 Re8 12. Ne4 h6 13. a3 Nce7 14. Nxf6+ Nxf6
15. Bf4 Bd7 16. Ne5 Bc6 17. Nxc6 Nxc6 18. Be5 Qe7 19. Qa4 Red8 20. h3 Nd7 21.
Bc7 Rdc8 22. Bg3 Nb6 23. Qb3 Rd8 24. Qe3 Rd7 25. Bb5 Qd8 26. Bxc6 bxc6 27. Rac1
Nd5 28. Qe2 Qb6 29. Rc2 Ne7 30. Rcd2 Rd5 31. Qc4 Nf5 32. Bf4 Rad8 33. Be3 e5
34. b4 exd4 35. Bf4 Qb5 36. Rc1 Qxc4 37. Rxc4 Ne7 38. Rd3 Ng6 39. Bc7 Rc8 40.
Bg3 c5 41. bxc5 Rcxc5 42. Rxc5 Rxc5 43. Rxd4 Ne5 44. Bxe5 1/2-1/2

[Event "Superettan(Vasteras II-Burgsvik)"]
[Site "?"]
[Date "2022.05.15"]
[Round "11"]
[White "Landgren, Andreas"]
[Black "Persson, Mats"]
[Result "1-0"]
[WhiteElo "2195"]
[BlackElo "2349"]
[PlyCount "113"]

1. d4 Nf6 2. c4 e6 3. Nf3 Bb4+ 4. Nbd2 b6 5. a3 Bxd2+ 6. Bxd2 Bb7 7. g3 O-O 8.
Bg2 d6 9. O-O a5 10. b3 Nbd7 11. Bc3 Be4 12. Nd2 Bxg2 13. Kxg2 d5 14. Qc2 Re8
15. e4 Nf8 16. e5 N6d7 17. f4 c6 18. f5 Qg5 19. h4 Qh5 20. Rf4 f6 21. Raf1 fxe5
22. g4 Qxh4 23. Nf3 Qe7 24. dxe5 exf5 25. gxf5 Qxa3 26. f6 Re6 27. Ng5 dxc4 28.
Nxe6 Nxe6 29. Rh4 g6 30. Rxh7 Ndf8 31. Rh4 cxb3 32. Qd2 Qa2 33. Bb2 g5 34. Rg4
Kf7 35. Ra1 Rd8 36. Qc1 Rd1 37. Qxd1 Qxb2+ 38. Kh1 Qxe5 39. Rb1 Nc5 40. Rg2 Ng6
41. Qh5 Qf5 42. Rbb2 Nd3 43. Rxb3 Nf2+ 44. Kg1 Ne4 45. Rf3 Qc5+ 46. Kh1 Qc1+
47. Kh2 Qe1 48. Qh7+ Ke6 49. Qg8+ Kd6 50. Qxg6 Qh4+ 51. Rh3 Qf4+ 52. Rhg3 Nxf6
53. Qxg5 Qxg5 54. Rxg5 Ne4 55. Rh5 b5 56. Rg6+ Kc7 57. Re5 1-0

[Event "Superettan(SS 4 Springare-Helsingborg)"]
[Site "?"]
[Date "2022.05.15"]
[Round "11"]
[White "Poley, Vladimir"]
[Black "Sylvan, Jacob"]
[Result "1/2-1/2"]
[WhiteElo "2324"]
[BlackElo "2312"]
[PlyCount "34"]
[EventDate "2022.??.??"]

1. Nf3 Nf6 2. g3 d5 3. Bg2 e6 4. O-O c5 5. b3 Be7 6. Bb2 O-O 7. e3 Nc6 8. d4 b6
9. Nbd2 Bb7 10. c4 cxd4 11. exd4 Rc8 12. Qe2 dxc4 13. bxc4 Qc7 14. Rac1 Ba6 15.
Rfe1 Rfe8 16. a3 Na5 17. Bf1 Bf8 1/2-1/2

[Event "Superettan(Rockaden, Umea-Farsta)"]
[Site "?"]
[Date "2022.05.15"]
[Round "11"]
[White "Hjelm, Niclas"]
[Black "Eriksson, Jorgen"]
[Result "1/2-1/2"]
[WhiteElo "2266"]
[BlackElo "2202"]
[PlyCount "39"]

1. d4 d5 2. Nf3 Nf6 3. c4 e6 4. Nc3 Bb4 5. e3 c5 6. cxd5 Nxd5 7. Bd2 cxd4 8.
exd4 Nc6 9. Bd3 Nxc3 10. bxc3 Be7 11. O-O O-O 12. Qe2 Bf6 13. Rad1 Re8 14. Bf4
Ne7 15. c4 Ng6 16. Bg3 Bd7 17. h4 Bc6 18. h5 Nh4 19. Bxh4 Bxh4 20. Be4 1/2-1/2

[Event "Superettan(Vasteras II-Burgsvik)"]
[Site "?"]
[Date "2022.05.15"]
[Round "11"]
[White "Andersson, Tommy"]
[Black "Janse, Love"]
[Result "1/2-1/2"]
[WhiteElo "2380"]
[BlackElo "2199"]
[PlyCount "53"]

1. d4 f5 2. c4 Nf6 3. g3 d6 4. Nf3 g6 5. Bg2 Bg7 6. O-O O-O 7. d5 Na6 8. Nc3
Qe8 9. Nd4 Bd7 10. Re1 Nc5 11. Ncb5 Na6 12. Nc3 Nc5 13. b4 Nfe4 14. Nxe4 Nxe4
15. f3 Nf6 16. Bb2 e5 17. dxe6 Bxe6 18. Nxe6 Qxe6 19. Qd3 Rad8 20. Rad1 c6 21.
Bxf6 Qxf6 22. e4 fxe4 23. Qxe4 Qb2 24. b5 d5 25. cxd5 Qxb5 26. dxc6 Qxc6 27.
Qxc6 1/2-1/2

[Event "Superettan(SS 4 Springare-Helsingborg)"]
[Site "?"]
[Date "2022.05.15"]
[Round "11"]
[White "Semcesen, Daniel"]
[Black "Mattsson, Michael"]
[Result "1-0"]
[WhiteElo "2472"]
[BlackElo "2059"]
[PlyCount "75"]

1. d4 Nf6 2. c4 e6 3. Nc3 Bb4 4. Qc2 O-O 5. a3 Bxc3+ 6. Qxc3 b6 7. Nf3 Bb7 8.
e3 d6 9. Be2 Nbd7 10. O-O Ne4 11. Qc2 f5 12. b4 a5 13. Bb2 Qe7 14. Rad1 Ndf6
15. Qb3 Kh8 16. d5 axb4 17. axb4 e5 18. Ne1 Nd7 19. Nc2 c5 20. dxc6 Bxc6 21. f3
Nef6 22. Rd2 Ba4 23. Qd3 e4 24. Qd4 Bxc2 25. Rxc2 Ra2 26. f4 Rc8 27. Rd2 b5 28.
cxb5 d5 29. h3 h5 30. Ra1 Rxa1+ 31. Bxa1 Rc1+ 32. Rd1 Rc2 33. Bf1 Qd6 34. Bb2
Qc7 35. Ra1 Nb6 36. Ra6 Nc4 37. Rxf6 Nxb2 38. Rh6+ 1-0

[Event "Superettan(Rockaden, Umea-Farsta)"]
[Site "?"]
[Date "2022.05.15"]
[Round "11"]
[White "Mardell, Jimmy"]
[Black "Degerman, Lars"]
[Result "0-1"]
[WhiteElo "2140"]
[BlackElo "2433"]
[PlyCount "58"]

1. d4 Nf6 2. c4 g6 3. Nc3 d5 4. Nf3 Bg7 5. Qb3 dxc4 6. Qxc4 O-O 7. e4 a6 8. Be2
b5 9. Qb3 c5 10. dxc5 Be6 11. Qc2 Nbd7 12. Be3 Rc8 13. Rd1 b4 14. Na4 Qa5 15.
b3 Ng4 16. Bd4 Bxd4 17. Nxd4 Nxc5 18. Nxc5 Rxc5 19. Qb1 Bc8 20. O-O Qc7 21.
Bxg4 Bxg4 22. f3 Bd7 23. Qd3 e5 24. Ne2 Bb5 25. Qe3 Rc2 26. Rd2 Rxd2 27. Qxd2
Rd8 28. Qe3 Qc2 29. Re1 Rd2 0-1

[Event "Superettan(Vasteras II-Burgsvik)"]
[Site "?"]
[Date "2022.05.15"]
[Round "11"]
[White "Magnusson, Karl"]
[Black "Fraenkel, Mikael"]
[Result "1-0"]
[WhiteElo "2121"]
[BlackElo "2007"]
[PlyCount "83"]

1. d4 d5 2. c4 e6 3. Nc3 Be7 4. Nf3 Nf6 5. cxd5 exd5 6. Bg5 O-O 7. e3 b6 8. Bd3
c5 9. O-O Be6 10. Ne5 h6 11. Bh4 Nfd7 12. Bxe7 Qxe7 13. Nxd7 Nxd7 14. Bc2 Nf6
15. Qd2 Rab8 16. a4 a6 17. Rfd1 Rfd8 18. h3 Qd7 19. Qe2 c4 20. f3 b5 21. axb5
axb5 22. b4 Qe7 23. Rdb1 Bd7 24. e4 Bc6 25. e5 Nh5 26. Qd2 Qh4 27. Qf2 Qg5 28.
Ne2 g6 29. f4 Qe7 30. f5 Qg5 31. g4 Ng7 32. Kh2 Ra8 33. Rxa8 Rxa8 34. Rf1 Qd2
35. fxg6 Kh8 36. gxf7 Rf8 37. e6 Nxe6 38. Qf6+ Ng7 39. Qe7 Qxc2 40. Qxf8+ Kh7
41. Qg8+ Kg6 42. f8=Q 1-0

[Event "Superettan(SS 4 Springare-Helsingborg)"]
[Site "?"]
[Date "2022.05.15"]
[Round "11"]
[White "Jakenberg, Jussi"]
[Black "Nilsson, Anders"]
[Result "1/2-1/2"]
[WhiteElo "2113"]
[BlackElo "2237"]
[PlyCount "32"]

1. d4 d5 2. Nf3 e6 3. g3 Nf6 4. Bg2 b5 5. a4 b4 6. c4 Bb7 7. Nbd2 c5 8. O-O
Nbd7 9. a5 Rc8 10. b3 Be7 11. Bb2 O-O 12. Qc2 dxc4 13. Nxc4 Be4 14. Qd2 Qc7 15.
Rfc1 Rfd8 16. Qe3 Qb7 1/2-1/2

[Event "Superettan(Rockaden, Umea-Farsta)"]
[Site "?"]
[Date "2022.05.15"]
[Round "11"]
[White "Lindeman, Sven"]
[Black "Johansson, David"]
[Result "0-1"]
[WhiteElo "2154"]
[BlackElo "2113"]
[PlyCount "72"]

1. e4 c5 2. Nf3 Nc6 3. Bb5 d6 4. O-O Bd7 5. Re1 a6 6. Bf1 Nf6 7. c3 Bg4 8. d4
cxd4 9. cxd4 Bxf3 10. gxf3 g6 11. d5 Nb8 12. Qb3 Qc7 13. f4 Nbd7 14. e5 dxe5
15. fxe5 Nxe5 16. Bf4 Nfd7 17. Nd2 Bg7 18. Rac1 Qa5 19. Bh3 O-O 20. Nc4 Nxc4
21. Qxc4 Nb6 22. Qc7 Qb5 23. a4 Nxa4 24. Bd7 Qb4 25. Bxa4 Qxa4 26. Rxe7 Bxb2
27. Rce1 Rac8 28. Qd6 Ba3 29. Qf6 Bxe7 30. Rxe7 Qd1+ 31. Kg2 Qxd5+ 32. Kg3 Rc6
33. Qa1 Rfc8 34. h3 h5 35. Bh6 Rc3+ 36. Re3 Qe5+ 0-1

[Event "Superettan(Vasteras II-Burgsvik)"]
[Site "?"]
[Date "2022.05.15"]
[Round "11"]
[White "Larsson, Victor"]
[Black "Nordebrink, Johan"]
[Result "1-0"]
[WhiteElo "2193"]
[BlackElo "2103"]
[PlyCount "117"]

1. d4 Nf6 2. c4 e6 3. Nf3 b6 4. g3 Ba6 5. Qa4 Bb7 6. Bg2 Be7 7. O-O O-O 8. Nc3
d5 9. Ne5 Qc8 10. cxd5 exd5 11. Bf4 a6 12. Rac1 Qe6 13. b4 Nh5 14. Nd3 Bd6 15.
Bxd6 Qxd6 16. Qb3 Nf6 17. Nf4 Rd8 18. Rfd1 g5 19. Nd3 Nc6 20. e3 Kg7 21. Rc2 h5
22. Rdc1 Rac8 23. b5 Ne7 24. Ne5 Nf5 25. bxa6 Bxa6 26. Ne4 Nxe4 27. Bxe4 Ne7
28. Bg2 f6 29. Nc6 Bc4 30. Nxe7 Qxe7 31. Qb2 b5 32. Bf1 h4 33. Bxc4 bxc4 34.
Rc3 Rb8 35. Qc2 Qe6 36. e4 c6 37. Qe2 Rb7 38. Re3 Qf7 39. Qg4 hxg3 40. Rxg3 Rh8
41. e5 Rh6 42. Re1 Rg6 43. exf6+ Qxf6 44. Rf3 Qd8 45. Qf5 Qf6 46. Qg4 Qd8 47.
Re5 Qd7 48. Ref5 Rb2 49. Qh5 g4 50. R3f4 Qe7 51. Rf8 Qe1+ 52. Kg2 Rxf2+ 53.
Rxf2 Qe4+ 54. Kg1 Qe1+ 55. Rf1 Qe3+ 56. R8f2 Qxd4 57. Qf5 c3 58. Kh1 Qc5 59.
Qe5+ 1-0

[Event "Superettan(SS 4 Springare-Helsingborg)"]
[Site "?"]
[Date "2022.05.15"]
[Round "11"]
[White "Nilsson Hask, Patrik"]
[Black "Horta, Hector"]
[Result "1-0"]
[WhiteElo "2199"]
[BlackElo "1901"]
[PlyCount "63"]

1. d4 g6 2. Nc3 Bg7 3. e4 c5 4. d5 d6 5. Nf3 Nf6 6. Be2 Bg4 7. h3 Bxf3 8. Bxf3
Nbd7 9. O-O O-O 10. Be2 a6 11. a4 Ne8 12. Bg5 h6 13. Bh4 Bd4 14. Qd2 Kg7 15.
Nd1 Nef6 16. c3 Nxe4 17. Qd3 Nxf2 18. Bxf2 Bxf2+ 19. Rxf2 Qb6 20. a5 Qc7 21.
Qg3 Nf6 22. Bf3 Nd7 23. Ne3 f5 24. Bh5 Kh8 25. Bxg6 Rg8 26. h4 Nf6 27. Rxf5 Rg7
28. h5 Rag8 29. Rxf6 exf6 30. Nf5 c4 31. Nxg7 Rxg7 32. Qe3 1-0

[Event "Superettan(Rockaden, Umea-Farsta)"]
[Site "?"]
[Date "2022.05.15"]
[Round "11"]
[White "Mardell, Jonas"]
[Black "Lagerborg, Krister"]
[Result "0-1"]
[WhiteElo "2126"]
[BlackElo "2129"]
[PlyCount "114"]

1. e4 c5 2. c3 Nf6 3. e5 Nd5 4. d4 cxd4 5. Qxd4 e6 6. Bc4 Nc6 7. Qe4 Nb6 8. Bb3
Qc7 9. Nf3 d5 10. Qe2 Nd7 11. Bf4 b6 12. Nbd2 Nc5 13. O-O Ba6 14. c4 Rc8 15.
Rfe1 Be7 16. Rac1 Nb4 17. Rc3 O-O 18. Qe3 Nxb3 19. axb3 Bc5 20. Qe2 Rfd8 21.
Ng5 h6 22. Qh5 dxc4 23. Nge4 Nd3 24. Bxh6 Qxe5 25. Qxe5 Nxe5 26. Rg3 Ng6 27.
Bg5 Rd3 28. bxc4 Rxg3 29. hxg3 Bb4 30. Ra1 Bxc4 31. Rxa7 Bd5 32. Be3 Rc1+ 33.
Kh2 Rc2 34. Nc3 Bc5 35. Nxd5 exd5 36. Nf3 f6 37. Rc7 Rxb2 38. Bxc5 bxc5 39.
Rxc5 Ne7 40. Kg1 Rb1+ 41. Kh2 Kf7 42. Rc2 Ke6 43. g4 Kd6 44. Nd4 Rb4 45. Rd2 g6
46. f3 Nc6 47. Ne2 Kc5 48. Kg3 g5 49. Nc1 Ne5 50. Ne2 d4 51. Kf2 d3 52. Ng3 Kd4
53. Ne4 Nxg4+ 54. Kg3 Ke3 55. Ra2 Rxe4 56. fxe4 Ne5 57. Ra3 Ke2 0-1

[Event "Superettan(SS 4 Springare-Helsingborg)"]
[Site "?"]
[Date "2022.05.15"]
[Round "11"]
[White "Poley, Maksim"]
[Black "Jonsson, Filip"]
[Result "1/2-1/2"]
[WhiteElo "1368"]
[BlackElo "1970"]
[PlyCount "67"]

1. d4 d5 2. Nf3 Nf6 3. g3 c5 4. Bg2 cxd4 5. O-O Bd7 6. Bf4 Nc6 7. Nxd4 Rc8 8.
Nxc6 Bxc6 9. c4 dxc4 10. Bxc6+ Rxc6 11. Qxd8+ Kxd8 12. Rd1+ Ke8 13. Nc3 a6 14.
a4 e6 15. Rd2 Bb4 16. Rad1 Ke7 17. Bg5 Rd6 18. Rxd6 Bxd6 19. Kg2 Rc8 20. Kf3
Be5 21. e4 Rd8 22. Ke3 Rc8 23. f4 Bxc3 24. bxc3 h6 25. Bxf6+ gxf6 26. Rb1 Rc7
27. Rb6 Kd7 28. Kd4 Ke7 29. Rb4 Kd6 30. Rxc4 Rxc4+ 31. Kxc4 e5 32. a5 h5 33. h3
Kc6 34. f5 1/2-1/2

[Event "Superettan(Rockaden, Umea-Farsta)"]
[Site "?"]
[Date "2022.05.15"]
[Round "11"]
[White "Wieweg, Johnny"]
[Black "Isaksson, Henrik"]
[Result "1/2-1/2"]
[WhiteElo "2087"]
[BlackElo "2117"]
[PlyCount "55"]

1. e4 c5 2. f4 d5 3. exd5 Nf6 4. Bb5+ Nbd7 5. c4 a6 6. Ba4 g6 7. Nc3 Bg7 8. Nf3
O-O 9. O-O Nb6 10. Bb3 e6 11. dxe6 Bxe6 12. d3 Bf5 13. Bc2 Re8 14. Ne5 Nbd7 15.
Qf3 Nxe5 16. fxe5 Ng4 17. Nd5 Bxe5 18. Bf4 Bd4+ 19. Kh1 Rc8 20. h3 Qh4 21. Bg3
Qh6 22. Ba4 Ne5 23. Qf4 Qxf4 24. Bxf4 Nc6 25. Rfe1 Kg7 26. Bxc6 bxc6 27. Ne7
Ra8 28. Nxf5+ 1/2-1/2

[Event "Superettan(Vasteras II-Burgsvik)"]
[Site "?"]
[Date "2022.05.15"]
[Round "11"]
[White "Andersson, Bjorn"]
[Black "Carlsson, Andreas"]
[Result "1/2-1/2"]
[WhiteElo "2131"]
[BlackElo "1964"]
[PlyCount "106"]

1. e4 c5 2. Nf3 g6 3. d4 cxd4 4. Nxd4 Bg7 5. Nc3 Nc6 6. Nb3 Nf6 7. Be2 O-O 8.
g4 d6 9. h4 a5 10. a4 Be6 11. f4 Nd7 12. h5 Nc5 13. hxg6 fxg6 14. f5 Bxc3+ 15.
bxc3 Nxe4 16. Qd3 gxf5 17. Nd4 Nxd4 18. Qxd4 Nf6 19. Bh6 Rf7 20. gxf5 Bxf5 21.
O-O-O Rc8 22. Rdg1+ Bg6 23. Qd3 Rg7 24. Qh3 Qd7 25. Bg4 Nxg4 26. Rxg4 Qf5 27.
Rh2 Rf7 28. Bf4 Rc4 29. Rxg6+ Qxg6 30. Rg2 Rfxf4 31. Qe6+ Kf8 32. Rxg6 hxg6 33.
Qxg6 Rxa4 34. Qe6 Rac4 35. Qh6+ Kf7 36. Qh5+ Ke6 37. Qxa5 Rf3 38. Qa8 Rfxc3 39.
Qxb7 Rxc2+ 40. Kd1 d5 41. Qb8 d4 42. Qg8+ Ke5 43. Qg3+ Kd5 44. Qg8+ e6 45. Qd8+
Ke4 46. Qh4+ Kd5 47. Qd8+ Kc6 48. Qc8+ Kb5 49. Qxe6 Ka4 50. Qa6+ Kb4 51. Qb6+
Kc3 52. Qa5+ Kd3 53. Qf5+ Ke3 1/2-1/2

[Event "Superettan(SS 4 Springare-Helsingborg)"]
[Site "?"]
[Date "2022.05.15"]
[Round "11"]
[White "Rothman, Peter"]
[Black "Iminov, Bachtiar"]
[Result "1-0"]
[WhiteElo "2124"]
[BlackElo "1846"]
[PlyCount "101"]

1. d4 Nf6 2. Nf3 g6 3. c4 Bg7 4. Nc3 d6 5. g3 Nbd7 6. Bg2 O-O 7. O-O e5 8. h3
Nh5 9. e4 Nhf6 10. Be3 Re8 11. Qc2 c6 12. Rad1 Qc7 13. b3 a6 14. dxe5 dxe5 15.
c5 Bf8 16. Na4 Nh5 17. Nd2 Ng7 18. Nc4 Ne6 19. Nab6 Rb8 20. b4 Kg7 21. Rd2 Be7
22. Rfd1 Ndf8 23. Nd6 Rd8 24. Ndxc8 Rbxc8 25. Nxc8 Rxd2 26. Qxd2 Qxc8 27. f4
Bf6 28. Bf1 h5 29. Qf2 Qc7 30. Kg2 Qe7 31. Bc1 h4 32. fxe5 Bxe5 33. Bb2 Ng5 34.
Bxe5+ Qxe5 35. Qd4 Qxd4 36. Rxd4 Nge6 37. Rd2 hxg3 38. Kxg3 Kf6 39. Rf2+ Ke7
40. h4 Nd7 41. Bc4 Ne5 42. Bxe6 Kxe6 43. Rd2 Ke7 44. Kf4 f6 45. a3 Nc4 46. Rd3
Ne5 47. Rh3 Ke6 48. h5 gxh5 49. Rxh5 a5 50. Rxe5+ fxe5+ 51. Kg5 1-0

[Event "Superettan(SS 4 Springare-Helsingborg)"]
[Site "?"]
[Date "2022.05.15"]
[Round "11"]
[White "Savela, Julina"]
[Black "Rosell, Tomas"]
[Result "1/2-1/2"]
[WhiteElo "1253"]
[BlackElo "2176"]
[PlyCount "104"]

1. e4 c5 2. Nf3 d6 3. d4 cxd4 4. Nxd4 Nf6 5. Nc3 g6 6. Be3 Bg7 7. f3 Nc6 8. Qd2
O-O 9. Bc4 Bd7 10. h4 Qa5 11. Nb3 Qc7 12. h5 Ne5 13. Be2 Nc4 14. Bxc4 Qxc4 15.
Bh6 Rac8 16. O-O-O Be6 17. Kb1 b5 18. Bxg7 Kxg7 19. hxg6 fxg6 20. Qh6+ Kg8 21.
g4 Bf7 22. Rd2 a6 23. Rdh2 b4 24. Nd1 Qc7 25. Ne3 Bxb3 26. axb3 e6 27. g5 Nh5
28. Rxh5 gxh5 29. Qxe6+ Qf7 30. Qh6 Qg6 31. Nf5 Rxf5 32. Qxg6+ hxg6 33. exf5
gxf5 34. Rxh5 Re8 35. Kc1 Re2 36. g6 Re5 37. Rh4 a5 38. Rh7 Re3 39. Ra7 Rxf3
40. Rxa5 Kg7 41. Ra6 Kxg6 42. Rxd6+ Kg5 43. Kd1 Kf4 44. Ke2 Re3+ 45. Kd2 Kf3
46. Rb6 Re4 47. Rd6 f4 48. Rf6 Rd4+ 49. Ke1 Re4+ 50. Kf1 Rd4 51. Ke1 Re4+ 52.
Kf1 Rd4 1/2-1/2

[Event "Superettan(Kristallen-Rock.,Sthlm II)"]
[Site "?"]
[Date "2022.05.15"]
[Round "11"]
[White "Olsson, Krister"]
[Black "Andersson, Goran L"]
[Result "1-0"]
[WhiteElo "2332"]
[BlackElo "2246"]
[PlyCount "81"]

1. d4 Nf6 2. Nf3 d5 3. c4 e6 4. Nc3 Bb4 5. cxd5 exd5 6. Bd2 O-O 7. e3 Bf5 8.
Be2 Nc6 9. O-O Bd6 10. Nh4 Be6 11. f4 Ne4 12. Nf3 Nxc3 13. Bxc3 Ne7 14. Ng5 Bf5
15. g4 f6 16. Nh3 Bd7 17. Bd3 g6 18. f5 gxf5 19. gxf5 Kh8 20. Qh5 Qe8 21. Qh4
Bb5 22. Nf2 Bxd3 23. Nxd3 Rg8+ 24. Kh1 Qf7 25. Ne5 fxe5 26. dxe5 d4 27. e6 Qg7
28. Bxd4 Be5 29. Rg1 Bxd4 30. Rxg7 Rxg7 31. Qxd4 Nxf5 32. Qf6 Ne7 33. Rd1 Kg8
34. Rg1 Ng6 35. h4 Rf8 36. Qd4 h5 37. Rg5 Re8 38. Qe4 Nf8 39. Rxg7+ Kxg7 40.
Qe5+ Kg8 41. Qg5+ 1-0

[Event "Superettan(Orgryte-Upsala)"]
[Site "?"]
[Date "2022.05.15"]
[Round "11"]
[White "Johansson, Jan"]
[Black "Torngren, Gustav"]
[Result "1-0"]
[WhiteElo "2291"]
[BlackElo "2245"]
[PlyCount "181"]

1. d4 d5 2. Nf3 Nf6 3. Bf4 c5 4. e3 Nc6 5. c3 Qb6 6. Qb3 c4 7. Qc2 Bf5 8. Qc1
Nh5 9. Nbd2 Nxf4 10. exf4 h6 11. Be2 e6 12. O-O Bd6 13. g3 O-O 14. b3 cxb3 15.
axb3 Rfc8 16. Qb2 a6 17. Rfc1 Na7 18. Nf1 Rc7 19. Ne3 Bf8 20. Nxf5 exf5 21. Nh4
g6 22. Ng2 Nb5 23. Ne3 Rd7 24. Bf3 Nc7 25. Rd1 h5 26. Rab1 Rad8 27. Rd3 Bg7 28.
Rbd1 Ne8 29. Qa3 Nf6 30. Qc5 Qe6 31. c4 Ne4 32. Qa5 dxc4 33. d5 Qd6 34. Nxc4
Qc5 35. Qxc5 Nxc5 36. Re3 Ne4 37. Red3 b5 38. Na5 Bf8 39. Nc6 Ra8 40. b4 Bg7
41. Re1 Nd6 42. Rde3 Bf6 43. Kg2 Kg7 44. h3 Ne4 45. Rd1 Nd6 46. Rde1 Kf8 47.
Rd3 Rc7 48. Re2 Rd7 49. Ra2 Ne4 50. g4 hxg4 51. hxg4 Nc3 52. Ra3 Na4 53. g5 Bb2
54. Ra2 Re8 55. Bd1 Bc1 56. Ne5 Rd6 57. Kf3 f6 58. gxf6 g5 59. Bxa4 bxa4 60.
Ng6+ Kf7 61. Ne5+ Kf8 62. f7 Rc8 63. fxg5 Bxg5 64. Rxa4 Rc2 65. b5 axb5 66.
Ra8+ Rd8 67. Ra7 Kg7 68. Kg2 Re2 69. Rg3 Kf6 70. Nd7+ Kxf7 71. Rxg5 f4 72. Ne5+
Kf6 73. Nf3 Rd6 74. Rag7 Rxd5 75. Rxd5 Kxg7 76. Rxb5 Kg6 77. Ng1 Re1 78. Nh3
f3+ 79. Kxf3 Ra1 80. Kg4 Kf6 81. f4 Ra6 82. Ng5 Kg6 83. Ne4 Ra1 84. Rb6+ Kf7
85. Ng5+ Kg7 86. Rb7+ Kf8 87. f5 Kg8 88. f6 Ra8 89. Rg7+ Kf8 90. Ne6+ Ke8 91.
Re7# 1-0

[Event "Superettan(Kristallen-Rock.,Sthlm II)"]
[Site "?"]
[Date "2022.05.15"]
[Round "11"]
[White "Lindh, Fredrik"]
[Black "Bator, Robert"]
[Result "1/2-1/2"]
[WhiteElo "2303"]
[BlackElo "2356"]
[PlyCount "101"]

1. e4 e5 2. Nf3 Nf6 3. Nxe5 d6 4. Nf3 Nxe4 5. Nc3 Nxc3 6. dxc3 Be7 7. Be3 O-O
8. Qd2 Nd7 9. O-O-O c6 10. c4 Ne5 11. Bf4 f6 12. Qc3 Qb6 13. c5 Qxc5 14. Qxc5
dxc5 15. Bxe5 fxe5 16. Bc4+ Kh8 17. Nxe5 Rxf2 18. Rhe1 Bf5 19. Nf7+ Kg8 20. Rd2
Rxd2 21. Kxd2 Kf8 22. Rf1 g6 23. g4 Bxg4 24. Nh6+ Bf5 25. Nxf5 gxf5 26. Rxf5+
Ke8 27. Rf7 h6 28. Rh7 Rd8+ 29. Ke2 Rd6 30. a4 Rd4 31. b3 Rh4 32. Bd3 Rxh2+ 33.
Kf3 Kd8 34. Kg3 Rh5 35. Kg4 Rh1 36. Kg3 a5 37. Kg2 Rh5 38. Be2 Rg5+ 39. Kf3 Rg6
40. Bd3 Rd6 41. Kg4 b6 42. Rh8+ Kc7 43. Rh7 Kd7 44. Kh5 Rd5+ 45. Kxh6 Re5 46.
Kg6 Re3 47. Kf5 Re6 48. Bc4 Re1 49. Bd3 Kd6 50. Rh6+ Kd7 51. Rh7 1/2-1/2